Código civil alemán
Na minha lista:
| Autor principal: | |
|---|---|
| Formato: | Livro |
| Idioma: | espanhol |
| Publicado em: |
Madrid
Marcial Pons
1998
|
| Assuntos: | |
| Tags: |
Adicionar Tag
Sem tags, seja o primeiro a adicionar uma tag!
|
MARC
| LEADER | 00000nam a2200000 a 4500 | ||
|---|---|---|---|
| 001 | UCP4586 | ||
| 003 | CL-VaPUC | ||
| 008 | 990806e19980000SP |||||||||||||||||spa|d | ||
| 082 | 0 | 4 | |a 346.43 |b EIR |2 21 |
| 100 | 0 | |a Eiranova Encinas, Emilio |e author |9 432134 | |
| 245 | 1 | 0 | |a Código civil alemán |
| 300 | |a 720 p | ||
| 942 | |c BK | ||
| 945 | |d 19990806 00:00:00 |a vberengu | ||
| 260 | |a Madrid |b Marcial Pons |c 1998 | ||
| 650 | 0 | |a Derecho civil alemán |9 432135 | |
| 650 | 0 | |a Deudor y acreedor |9 256643 | |
| 650 | 0 | |a Contratos |9 255153 | |
| 650 | 0 | |a Derecho de familia |9 255603 | |
| 650 | 0 | |a Derecho sucesorio |9 255015 | |
| 650 | 0 | |a Negocio jurídico |9 258242 | |
| 650 | 0 | |a Obligaciones |9 255578 | |
| 650 | 0 | |a Personas |9 255751 | |
| 650 | 0 | |a Propiedad |9 255268 | |
| 583 | |a last modification |c 19990806 00:00:00 |k Rodrigo Vera | ||
| 999 | |c 282497 |d 282495 | ||
| 952 | |0 0 |1 0 |4 0 |6 346_430000000000000_EIR_1998 |7 0 |8 A |9 324314 |a BIBDER |b BIBDER |d 2019-11-20 |i 3546667 |l 2 |o 346.43 EIR 1998 |p 3546667 |r 2023-06-02 |s 2023-05-31 |w 2019-11-20 |y BK |k DER | ||